Mécanique : Pièces du moteur - Statistiques

Statistiques générales
  • Ce quiz a été pris 4 633 fois
  • Le résultat moyen est 16 sur 45
Statistiques - réponses
Par images Réponse % Correct
Batterie
95%
Piston
80%
Alternateur
78%
Filtre à air
76%
Turbocompresseur
73%
Bielle
72%
Bougie d'allumage
70%
Filtre à huile
65%
Courroie de distribution
62%
Soupape
62%
Vilebrequin
58%
Arbre a cames
57%
Culasse
55%
Injecteur
55%
Bloc cylindres
53%
Démarreur
52%
Carburateur
50%
Carter d'huile
44%
Pompe à eau
39%
Collecteur d'échappement
38%
Basculeur / culbuteur / poussoir
36%
Bougie de préchauffage
34%
Compresseur
29%
Coussinets de bielle
25%
Collecteur d'admission
24%
Silent bloc
24%
Vanne EGR
23%
Galet tendeur
21%
Pompe à huile
20%
Cache culbuteurs / couvre culasse
19%
Boitier papillon
18%
Poulie de vilebrequin / poulie damper
16%
Pompe à carburant / pompe de gavage
15%
Segment de piston
15%
Ressorts de soupape
13%
Axe de piston
12%
Chapeau de bielle
12%
Poulie d'arbre à cames
10%
Pompe de direction assistée
9%
Chemise de cylindre
8%
Guide de soupape
6%
Injecteur pompe
6%
Tige de basculeur / de culbuteur / de poussoir
6%
Poulie de pompe à eau
4%
Coupelle d'appui du ressort de soupape
3%
Aucun quiz correspondant
Distribution des résultats
% des personnes avec chaque résultat
Percentile par nombre de réponses
Votre historique - résultats
Vous n’avez pas pris ce quiz